| 000 | 00498nam a2200205Ia 4500 | ||
|---|---|---|---|
| 003 | OSt | ||
| 005 | 20220926045608.0 | ||
| 006 | a|||||r|||| 00| 0 | ||
| 007 | ta | ||
| 008 | 220923b |||||||| |||| 00| 0 eng d | ||
| 037 | _cGeneral Book | ||
| 040 |
_aRTL _cRTL _beng |
||
| 041 |
_2eng _aeng |
||
| 100 |
_aSri Niwas M N _9350406 |
||
| 245 | 0 | _aNetworks in Indian social culture | |
| 260 | _c1972 | ||
| 300 |
_a1-17 _ccm. |
||
| 942 |
_cGB _2CC |
||
| 999 |
_c678032 _d678032 |
||